01889nam a2200217Ia 4500003000400000005001700004008004000021020001800061040000700079041000800086082001600094100001600110245006200126260002900188300001100217520135100228650001801579650002601597650003001623700001801653OSt20240305090741.0210210b1995 xxu||||| |||| 00| 0 eng d a9781461358879 cAL aeng a664.07 EARG aRalph Early aGuide to quality management systems for the food industry aNew YorkbSpringerc2023 axx,308 aWhenever I step into an aeroplane I cannot avoid considering the risks associated with flying. Thoughts of mechanical failure, pilot error and terĀ­ rorist action fill my mind. I try to reassure myself with statistics which tell me there is greater chance of injury crossing the road. The moment the plane takes off I am resigned to my fate, placing faith in pilots who are highly qualified and superbly trained for the task of delivering me safely to my destination. To be a passenger in an aeroplane is to express faith in the systems used by the airline. It is to express a faith in the quality of the airline's organisation and the people who work within it. The same is true of surgery. Thoughts of mortality are difficult to avoid when facing the surgeon's knife. However, faith in the surgeon's training and skill; faith in the anaesthetist and theatre technicians, faith in the efficient resources and quality of the hospital all help to convince that there is little need to worry. Apart from flying and surgery there are many facets of life which entail risk, but, knowing the risks, we willingly place our confidence in others to deliver us safely. In the consumption of food, however, few of us consider the risks. Everyday, if we are fortunate, we eat food. Food sustains and gives us pleasure. Food supports our social interactions. aQuality Costs aTotal Quality Process aQuality Management System aEARLY (Ralph)